<?xml version="1.0" encoding="UTF-8"?>
<record
    xmlns:xsi="http://www.w3.org/2001/XMLSchema-instance"
    xsi:schemaLocation="http://www.loc.gov/MARC21/slim http://www.loc.gov/standards/marcxml/schema/MARC21slim.xsd"
    xmlns="http://www.loc.gov/MARC21/slim">

  <leader>00984nam a2200265 a 4500</leader>
  <controlfield tag="001">BRL_938</controlfield>
  <controlfield tag="005">20190320210948.0</controlfield>
  <controlfield tag="008">251013s1979----u--a######---#000-0#spa-#</controlfield>
  <datafield tag="020" ind1=" " ind2=" ">
    <subfield code="a">087358208X</subfield>
  </datafield>
  <datafield tag="041" ind1=" " ind2=" ">
    <subfield code="a">spaengger</subfield>
  </datafield>
  <datafield tag="044" ind1=" " ind2=" ">
    <subfield code="a">u</subfield>
  </datafield>
  <datafield tag="050" ind1=" " ind2="4">
    <subfield code="a">N8065</subfield>
    <subfield code="b">.M66 1979</subfield>
  </datafield>
  <datafield tag="100" ind1="1" ind2=" ">
    <subfield code="a">Monthan, Guy</subfield>
    <subfield code="9">25378</subfield>
  </datafield>
  <datafield tag="245" ind1="1" ind2="0">
    <subfield code="a">Nacimientos</subfield>
    <subfield code="b">nativity scenes by Southwest Indian artisans = Weihnachtskrippen von indianischen Kunsthandwerkern des S&#xFC;dwestens = Nacimientos hechos por artistas indios del Suroeste</subfield>
    <subfield code="c">by Guy and Doris Monthan.</subfield>
  </datafield>
  <datafield tag="260" ind1=" " ind2=" ">
    <subfield code="a">Flagstaff, Arizona</subfield>
    <subfield code="b">Northland Press</subfield>
    <subfield code="c">1979</subfield>
  </datafield>
  <datafield tag="300" ind1=" " ind2=" ">
    <subfield code="a">xiv, 93 p.</subfield>
    <subfield code="b">il.</subfield>
    <subfield code="c">23 cm.</subfield>
  </datafield>
  <datafield tag="500" ind1=" " ind2=" ">
    <subfield code="a">Au1028</subfield>
  </datafield>
  <datafield tag="504" ind1=" " ind2=" ">
    <subfield code="a">Bibliograf&#xED;a: p. 91-92</subfield>
  </datafield>
  <datafield tag="650" ind1="1" ind2="4">
    <subfield code="a">Nacimiento (escenas de Natividad)</subfield>
    <subfield code="z">Suroeste de Nuevo M&#xE9;xico</subfield>
    <subfield code="9">25379</subfield>
  </datafield>
  <datafield tag="650" ind1="1" ind2="4">
    <subfield code="a">Santos en el arte</subfield>
    <subfield code="z">Suroeste de Nuevo M&#xE9;xico</subfield>
    <subfield code="9">25380</subfield>
  </datafield>
  <datafield tag="650" ind1="1" ind2="4">
    <subfield code="a">Cer&#xE1;mica ind&#xED;gena</subfield>
    <subfield code="z">Suroeste de Nuevo M&#xE9;xico</subfield>
    <subfield code="9">25381</subfield>
  </datafield>
  <datafield tag="700" ind1="1" ind2=" ">
    <subfield code="a">Monthan, Doris</subfield>
    <subfield code="9">25382</subfield>
  </datafield>
  <datafield tag="902" ind1=" " ind2=" ">
    <subfield code="a">GRL</subfield>
  </datafield>
  <datafield tag="942" ind1=" " ind2=" ">
    <subfield code="2">lcc</subfield>
    <subfield code="c">B</subfield>
  </datafield>
  <datafield tag="999" ind1=" " ind2=" ">
    <subfield code="c">9750</subfield>
    <subfield code="d">9750</subfield>
  </datafield>
  <datafield tag="952" ind1=" " ind2=" ">
    <subfield code="0">0</subfield>
    <subfield code="1">0</subfield>
    <subfield code="4">0</subfield>
    <subfield code="7">0</subfield>
    <subfield code="a">BRL</subfield>
    <subfield code="b">BRL</subfield>
    <subfield code="d">2013-10-25</subfield>
    <subfield code="i">Au1028</subfield>
    <subfield code="l">0</subfield>
    <subfield code="o">N8065 .M66 1979 (Au1028)</subfield>
    <subfield code="p">GRL01014</subfield>
    <subfield code="r">2019-03-22 00:00:00</subfield>
    <subfield code="w">2019-03-22</subfield>
    <subfield code="y">B</subfield>
  </datafield>
</record>
